000 00873nam a2200217Ia 4500
001 19472
003 GE_BSU
008 181216s||||||||xx |||||||||||||| ||und||
040 _cGE_BSU
245 _aმრავალთავი ფილოლოგიურ-ისტორიული ძიებანი IV= Мравалтави
245 _cტომის რედ:ე.მეტრეველი;მხატვ:გ.ნადირაძე
250 _aკ.კეკელიძის სახელობის ხელნაწერთა ინ-ტი
260 _aთბილისი
260 _bმეცნიერება
260 _c1975
300 _a295გვ; 27 სმ.
541 _h5ლ.20თ.
653 _aქართული ენა
653 _aქართული ენის ისტორია
942 _cBK
999 _c52449
_d52449